[Event "Richmond Keres Memorial 38th"]
[Site "Richmond"]
[Date "2013.05.20"]
[Round "6"]
[White "Wu, Ruining Ray"]
[Black "Wu, Howard"]
[Result "1/2-1/2"]
[WhiteElo "2017"]
[BlackElo "2164"]
[PlyCount "155"]
[EventDate "2013.05.18"]
[EventType "swiss"]
[EventRounds "6"]
[EventCountry "CAN"]
[SourceTitle "CBM 154 Extra"]
[Source "ChessBase"]
[SourceDate "2013.06.25"]
[SourceVersion "2"]
[SourceVersionDate "2013.06.25"]
[SourceQuality "1"]

1. d4 Nf6 2. c4 c5 3. d5 b5 4. cxb5 a6 5. bxa6 Bxa6 6. Nc3 g6 7. g3 d6 8. Bg2 Bg7 9. Nf3 0-0 10. 0-0 Nbd7 11. Rb1 Ng4 12. Qc2 Nge5 13. Nxe5 Nxe5 14. b3 Qa5 15. Ne4 Rfb8 16. Bd2 Qa3 17. Bc1 Qa5 18. Bd2 Qb6 19. Bc3 h6 20. b4 cxb4 21. Rxb4 Qc7 22. Rxb8+ Rxb8 23. Rc1 f5 24. Bxe5 Qxc2 25. Rxc2 Bxe5 26. Nd2 Bxe2 27. Bf1 Bd1 28. Rc1 Ba4 29. Rc4 Ra8 30. Rc7 Bf6 31. Bc4 Bd1 32. Rc6 Bc3 33. Nf1 Rb8 34. Ba6 Bd4 35. Rc8+ Rxc8 36. Bxc8 Bf3 37. Be6+ Kg7 38. Nd2 Be2 39. Bd7 Kf6 40. Kg2 Ke5 41. Bc6 Bc3 42. f4+ Kd4 43. Nb3+ Ke4 44. Kf2 Bc4 45. Be8 g5 46. fxg5 hxg5 47. h4 gxh4 48. gxh4 Bxd5 49. h5 Bg7 50. Bg6 e6 51. Ke2 Bh6 52. Nd2+ Kd4 53. a4 Kc3 54. Nf3 Bc4+ 55. Kf2 Kb4 56. Be8 e5 57. Nh4 Be6 58. Bg6 f4 59. Nf5 Bxf5 60. Bxf5 Kxa4 61. Be6 Kb4 62. Kf3 Kc3 63. Ke4 Kd2 64. Bc4 Ke1 65. Kf3 Kd2 66. Ke4 f3 67. Kxf3 Kc3 68. Bf7 Kd4 69. Ke2 d5 70. Be8 e4 71. Bc6 Ke5 72. Bb7 d4 73. Ba6 Kf4 74. Bb5 Kg4 75. Ba6 Kxh5 76. Bb7 d3+ 77. Kd1 e3 78. Ba6 1/2-1/2